| 000 | 01037cac a2200325 a 4500 | ||
|---|---|---|---|
| 003 | CO-PeBPM | ||
| 005 | 20250720160943.0 | ||
| 007 | ta | ||
| 008 | 250720s1992 ck a|||| |||| 00| 0 spa d | ||
| 020 | _aISBN: 9586075249 | ||
| 040 |
_aCO-PeBPM _bspa _cCO-PeBPM _erda |
||
| 041 | _aspa | ||
| 082 | 0 | 4 |
_a152.4 L933c _222 |
| 100 | 1 |
_aLucas, Miguel _eautor |
|
| 245 | 1 | 0 |
_aComo trabajar los sentimientos _c/ Miguel Lucas; revisión de estilo Myriam Rubio, dibujos María Rosa Guerrini |
| 250 | _aTercera edición | ||
| 260 |
_aBogotá, Colombia _b: Paulinas _c, 2012 |
||
| 300 |
_a73 páginas _c21 centímetros |
||
| 490 | _aExperiencias | ||
| 500 | _aIncluye índice al final del texto | ||
| 504 | _aIncluye bibliografía al final del texto | ||
| 650 | 1 | 4 |
_aEmociones _2LEMB |
| 650 | 1 | 4 |
_aPadres e hijos _2LEMB |
| 650 | 1 | 4 |
_aAnsiedad _2LEMB |
| 650 | 1 | 4 |
_aRelaciones de pareja _2LEMB |
| 650 | 1 | 4 |
_aMiedo _2LEMB |
| 700 | 1 |
_aRubio, Myriam _eRevisión de estilo |
|
| 700 | 1 |
_aGuerrini, María Rosa _eDibujos |
|
| 942 |
_2ddc _cBK _n0 |
||
| 999 |
_c61043 _d61043 |
||